000 01030nam a22002417a 4500
008 130821s2008 xx ab gr spa
020 _a9789589642382
040 _aCo-BoUCM
_bspa
041 0 0 _aspa
110 1 _aColombia.
_bSuperintendencia de Servicios Públicos Domiciliarios
_94066
245 1 0 _aManual del vocal de control
_cSuperintendencia de Servicios Públicos Domiciliarios.
250 _a2a. ed.
260 _a[Lugar desconocido]
_b[Editorial desconocida]
_c[fecha desconocida]
300 _a61 páginas bogotá
_bilustraciones, mapas superintendencia de servicios públicos domiciliario, delgado asesores
490 0 _aSerie
_pParticipación Ciudadana en los Servicios Públicos
504 _aIncluye bibliografía e índice general.
650 0 4 _aAdministración pública
_9355
650 0 4 _aParticipación ciudadana
_921113
650 0 4 _aServicios públicos domiciliarios
_xControl
_924341
650 0 4 _aVocales
_926360
942 _cLIBRO
_a16
_e2
_mC718m
_2DEWEY
_h363.6
999 _c92813
_d92813